| 000 | 00683nam a2200193Ia 4500 | ||
|---|---|---|---|
| 003 | OSt | ||
| 005 | 20240411150750.0 | ||
| 008 | 210210b2008 xxu||||| |||| 00| 0 eng d | ||
| 040 | _cAL | ||
| 041 | _aKannada | ||
| 082 | _aK894.9 NAVA | ||
| 100 |
_aNAVADA (A V) _9142466 _dಎ ವಿ ನಾವಡ |
||
| 245 |
_aAarivina kuruhu: Bhashe sahitya samskrati sambandhi lekhanagala kattu _bಅರಿವಿನ ಕುರುಹು: ಭಾಷೆ ಸಾಹಿತ್ಯ ಸಂಸ್ಕೃತಿ ಸಂಬಂಧಿ ಲೇಖನಗಳ ಕಟ್ಟು |
||
| 260 |
_aMysuru _bNot Mentioned _c2008 |
||
| 300 | _a303 | ||
| 690 |
_aKannada Criticism _9142467 |
||
| 906 | _a063189 | ||
| 942 |
_2ddc _cBK |
||
| 999 |
_c133960 _d133960 |
||